Govt. of
Madhya Pradesh

A Walk to Remember (Record no. 31093)

MARC details
000 -LEADER
fixed length control field 004320000a22001810004500
003 - CONTROL NUMBER IDENTIFIER
control field MACL
005 - DATE AND TIME OF LATEST TRANSACTION
control field 20160130142914.0
008 - FIXED-LENGTH DATA ELEMENTS--GENERAL INFORMATION
fixed length control field 160130b xxu||||| |||| 00| 0 eng d
040 ## - CATALOGING SOURCE
Original cataloging agency MACL
Transcribing agency MACL
041 ## - LANGUAGE CODE
Language code of text/sound track or separate title English
082 ## - DEWEY DECIMAL CLASSIFICATION NUMBER
Classification number 823/BPA
100 ## - MAIN ENTRY--PERSONAL NAME
Personal name Sparks, Nicholas
9 (RLIN) 36133
245 ## - TITLE STATEMENT
Title A Walk to Remember
260 ## - PUBLICATION, DISTRIBUTION, ETC. (IMPRINT)
Name of publisher, distributor, etc. Bantam Books
Date of publication, distribution, etc. 2000
Place of publication, distribution, etc. Britain
350 ## - PRICE (NR) (BK AM CF MU VM SE) [OBSOLETE]
Price 258
650 ## - SUBJECT ADDED ENTRY--TOPICAL TERM
Topical term or geographic name as entry element Fiction
9 (RLIN) 36134
942 ## - ADDED ENTRY ELEMENTS (KOHA)
Koha item type Books
Call number prefix 823/SPA
Source of classification or shelving scheme
Holdings
Withdrawn status Lost status Source of classification or shelving scheme Damaged status Not for loan Home library Current library Date acquired Cost, normal purchase price Total Checkouts Full call number Barcode Checked out Date last seen Date last checked out Uniform Resource Identifier Price effective from Koha item type
          MACL MACL 15/04/2015 258.00 2 823/SPA CLC001875 12/05/2016 28/04/2016 28/04/2016 31144 15/04/2015 Books